| 000 | 00496nmm a2200169Ia 4500 | ||
|---|---|---|---|
| 008 | 251105s9999||||xx |||||||||||||||||und|| | ||
| 020 | _a9788499402246 | ||
| 041 | _aspa | ||
| 100 | _aSanfeliu, Isabel | ||
| 245 | 0 | _aLa hiperactividad : la acción inagotable | |
| 264 |
_a[Madrid, España] : _bBiblioteca Nueva, _c2011 |
||
| 300 | _a224 páginas | ||
| 490 | _aNuevos temas de psicoanálisis | ||
| 650 | _aPsychology | ||
| 856 | _uhttps://public.digitaliapublishing.com/a/14875 | ||
| 942 | _cCF | ||
| 999 |
_c92635 _d92635 |
||